000 00357nam a2200157Ia 4500
003 OSt
005 20240329164957.0
008 170524s9999 xx 000 0 und d
020 _a1259027600
040 _cIIMT UNIVERSITY
100 _aDORNBUSCH, RUDIGER
245 0 _aMACROECONOMICS
260 _aNEW DELHI
_bTMH
_c2010
300 _a613
942 _2ddc
_c02
999 _c2627
_d2627